Zwycięzcy Darts Premier League 2026 - Statystyki

Ogólne statystyki
  • Ten quiz został rozwiązany 47 razy
  • Średni wynik to 9 z 9
Statystyki odpowiedzi
Hint Odpowiedź % Poprawnych
Noc 5 Luke Littler
100%
Noc 7 Luke Littler
100%
Noc 8 Luke Littler
100%
Noc 3 Jonny Clayton
98%
Noc 6 Jonny Clayton
98%
Noc 2 Gerwyn Price
96%
Noc 9 Gerwyn Price
96%
Noc 1 Michael Van Gerwen
91%
Noc 4 Stephen Bunting
89%
Nie znaleziono quizów pasujących do podanych kryteriów
Rozkład punktacji
Procent ludzi z każdym wynikiem
Percentyl według liczby udzielonych odpowiedzi
Twoja historia wyników
Nie rozwiązałeś tego quizu